[Event "Cheliabinsk Lozovatsky Memorial-A"]
[Site "Cheliabinsk"]
[Date "2023.02.03"]
[Round "8"]
[White "Badelka, Olga"]
[Black "Kokarev, Dmitry"]
[Result "0-1"]
[WhiteElo "2416"]
[BlackElo "2588"]
[PlyCount "48"]
[EventDate "2023.01.27"]
[EventType "swiss"]
[EventRounds "10"]
[EventCountry "RUS"]
[SourceTitle "CBM 212 Extra"]
[Source "ChessBase"]
[SourceDate "2023.03.31"]
[SourceVersion "1"]
[SourceVersionDate "2023.03.31"]
[SourceQuality "1"]

1. e4 c5 2. Nc3 d6 3. f4 g6 4. Nf3 Bg7 5. Bb5+ Bd7 6. Bc4 Nc6 7. d3 e6 8. f5 exf5 9. 0-0 Nge7 10. Qe1 Ne5 11. Bg5 h6 12. exf5 hxg5 13. fxg6 Nxc4 14. Nxg5 Ne5 15. Nxf7 Nxf7 16. Rxf7 Be5 17. Ne4 Qb6 18. Nf6+ Bxf6 19. Rxf6 c4+ 20. Kh1 Qd4 21. Rf3 Qe5 22. Qg1 0-0-0 23. g7 Qxg7 24. Qxa7 Bc6 0-1

[Event "Cheliabinsk Lozovatsky Memorial-A"]
[Site "Cheliabinsk"]
[Date "2023.02.02"]
[Round "7"]
[White "Kokarev, Dmitry"]
[Black "Lazavik, Denis"]
[Result "1/2-1/2"]
[WhiteElo "2588"]
[BlackElo "2532"]
[PlyCount "45"]
[EventDate "2023.01.27"]
[EventType "swiss"]
[EventRounds "10"]
[EventCountry "RUS"]
[SourceTitle "CBM 212 Extra"]
[Source "ChessBase"]
[SourceDate "2023.03.31"]
[SourceVersion "1"]
[SourceVersionDate "2023.03.31"]
[SourceQuality "1"]

1. e4 e5 2. Nf3 Nc6 3. Bb5 Nf6 4. 0-0 Nxe4 5. d4 Nd6 6. Bxc6 dxc6 7. dxe5 Nf5 8. Qxd8+ Kxd8 9. Nc3 Ke8 10. h3 h5 11. Bg5 Be6 12. Rfd1 Be7 13. Rd2 Rd8 14. Rxd8+ Kxd8 15. Rd1+ Ke8 16. b3 h4 17. Ne2 Bd5 18. Bc1 Bxf3 19. gxf3 f6 20. f4 Kf7 21. Kg2 Ke6 22. Bb2 Rf8 23. Nd4+ 1/2-1/2

[Event "Cheliabinsk Lozovatsky Memorial-A"]
[Site "Cheliabinsk"]
[Date "2023.02.01"]
[Round "6"]
[White "Paravyan, David"]
[Black "Kokarev, Dmitry"]
[Result "1/2-1/2"]
[WhiteElo "2586"]
[BlackElo "2588"]
[PlyCount "80"]
[EventDate "2023.01.27"]
[EventType "swiss"]
[EventRounds "10"]
[EventCountry "RUS"]
[SourceTitle "CBM 212 Extra"]
[Source "ChessBase"]
[SourceDate "2023.03.31"]
[SourceVersion "1"]
[SourceVersionDate "2023.03.31"]
[SourceQuality "1"]

1. d4 Nf6 2. c4 g6 3. Nc3 Bg7 4. e4 d6 5. Be2 0-0 6. Nf3 e5 7. 0-0 c6 8. Qc2 Qe7 9. d5 Na6 10. a3 Nh5 11. b4 Nf4 12. Be3 c5 13. Rab1 b6 14. Rfe1 Nxe2+ 15. Qxe2 f5 16. Bg5 Bf6 17. Bxf6 Rxf6 18. exf5 Bxf5 19. Rb3 Bg4 20. Ne4 Rf4 21. b5 Nc7 22. h3 Bd7 23. Nfd2 Raf8 24. Rf3 Rxf3 25. Nxf3 Ne8 26. Qe3 Nf6 27. Qg5 Bf5 28. Nxf6+ Qxf6 29. Qxf6 Rxf6 30. Nd2 g5 31. a4 Bc2 32. Rc1 Bg6 33. g3 h5 34. Re1 Kf7 35. f3 h4 36. g4 Rf4 37. Ne4 Bxe4 38. fxe4 Ke7 39. Kg2 Kd7 40. Re2 Kc7 1/2-1/2

[Event "RUS-ch Higher League 75th"]
[Site "Obninsk"]
[Date "2022.06.30"]
[Round "5"]
[White "Afanasiev, Nikita"]
[Black "Kokarev, Dmitry"]
[Result "1/2-1/2"]
[WhiteElo "2583"]
[BlackElo "2582"]
[PlyCount "28"]
[EventDate "2022.06.26"]
[EventType "swiss"]
[EventRounds "9"]
[EventCountry "RUS"]
[SourceTitle "CBM 209 Extra"]
[Source "ChessBase"]
[SourceDate "2022.09.30"]
[SourceVersion "1"]
[SourceVersionDate "2022.09.30"]
[SourceQuality "1"]

1. d4 Nf6 2. c4 e6 3. Nc3 Bb4 4. e3 c5 5. Nge2 d5 6. a3 Bxc3+ 7. Nxc3 cxd4 8. Qxd4 Nc6 9. Qd1 0-0 10. Be2 dxc4 11. Bxc4 Qxd1+ 12. Kxd1 Rd8+ 13. Kc2 e5 14. f3 Bf5+ 1/2-1/2

[Event "Voronezh Petrovsky op"]
[Site "Voronezh"]
[Date "2022.06.17"]
[Round "9"]
[White "Kokarev, Dmitry"]
[Black "Rodin, Dmitrij"]
[Result "1-0"]
[WhiteElo "2582"]
[BlackElo "2329"]
[PlyCount "133"]
[EventDate "2022.06.10"]
[EventType "swiss"]
[EventRounds "9"]
[EventCountry "RUS"]
[SourceTitle "EXT 2023"]
[Source "ChessBase"]
[SourceDate "2022.10.05"]
[SourceVersion "1"]
[SourceVersionDate "2022.10.05"]
[SourceQuality "1"]

1. e4 c5 2. Nf3 e6 3. d4 cxd4 4. Nxd4 a6 5. Bd3 Nf6 6. 0-0 Qc7 7. Qe2 d6 8. c4 g6 9. Nc3 Bg7 10. Nf3 Nc6 11. Bf4 0-0 12. Rac1 Ne5 13. Rfd1 Nfd7 14. b3 b6 15. Bb1 Nxf3+ 16. Qxf3 Ne5 17. Qe3 Rd8 18. h3 Bd7 19. Qd2 Be8 20. Bg5 f6 21. Be3 Rab8 22. f4 Nf7 23. f5 Qe7 24. fxe6 Qxe6 25. Nd5 Bc6 26. Bxb6 Rxb6 27. Nxb6 Bh6 28. Qd4 Bxc1 29. Rxc1 Re8 30. Nd5 Bxd5 31. Qxd5 Qe7 32. c5 dxc5 33. Qxc5 Qd8 34. b4 Kg7 35. a3 Re5 36. Qa7 Re7 37. Qxa6 Qd4+ 38. Kh1 Ne5 39. Qc8 Rd7 40. Rf1 Qd2 41. Qa6 Qg5 42. Bc2 Rd2 43. Rf2 Rxf2 44. Qa7+ Nf7 45. Qxf2 Qc1+ 46. Kh2 Qxa3 47. Qd4 Ne5 48. Bd1 h5 49. Be2 h4 50. b5 g5 51. Qf2 Qb2 52. Qe3 Kg6 53. Kg1 Qb1+ 54. Bf1 Qb2 55. Qc5 Qb3 56. b6 Qg3 57. Kh1 Qe1 58. Qb5 Nc6 59. b7 Kg7 60. Qd3 Kh6 61. Kh2 Qb4 62. Qb5 Qd6+ 63. Kh1 Qd1 64. Qf5 Qd6 65. Be2 Nd4 66. b8Q Nxf5 67. Qh8+ 1-0

[Event "Voronezh Petrovsky op"]
[Site "Voronezh"]
[Date "2022.06.15"]
[Round "7"]
[White "Kokarev, Dmitry"]
[Black "Bryakin, Mikhail"]
[Result "1/2-1/2"]
[WhiteElo "2582"]
[BlackElo "2465"]
[PlyCount "117"]
[EventDate "2022.06.10"]
[EventType "swiss"]
[EventRounds "9"]
[EventCountry "RUS"]
[SourceTitle "EXT 2023"]
[Source "ChessBase"]
[SourceDate "2022.10.05"]
[SourceVersion "1"]
[SourceVersionDate "2022.10.05"]
[SourceQuality "1"]

1. e4 c6 2. d4 d5 3. Nc3 dxe4 4. Nxe4 Bf5 5. Ng3 Bg6 6. h4 h6 7. f4 e6 8. Nf3 Bd6 9. Ne5 Ne7 10. Nxg6 Nxg6 11. Ne4 Bc7 12. g3 Nd7 13. Bg2 Ne7 14. Be3 Nf5 15. Bf2 h5 16. Bf3 g6 17. c3 Qe7 18. Qb3 0-0-0 19. 0-0-0 Nf6 20. Nc5 Bd6 21. Nd3 Ng4 22. Bxg4 hxg4 23. Qc2 f6 24. Qe2 Nh6 25. Rhe1 Rhe8 26. Bg1 f5 27. Qc2 Ng8 28. Ne5 Bxe5 29. fxe5 Qc7 30. Qa4 b5 31. Qb3 Qa5 32. Be3 Kd7 33. Bg5 Ne7 34. Rh1 Rh8 35. Kc2 Rb8 36. Ra1 Nd5 37. a4 Qb6 38. axb5 cxb5 39. Qa3 Rb7 40. Qc5 Rc7 41. Qxb6 axb6 42. Kd3 Kc6 43. Ra2 Rf7 44. Rf1 Kb7 45. Rfa1 Kc6 46. Ra7 Rxa7 47. Rxa7 Nc7 48. Ra1 Ra8 49. Rh1 Rh8 50. Bf6 Rh7 51. Ra1 Kb7 52. b3 Rd7 53. Bg5 Na6 54. Ke3 Nc7 55. Rh1 Rh7 56. Kd3 Kc6 57. Bd8 Nd5 58. Ra1 Rd7 59. Bg5 1/2-1/2